Ελληνική νεολαία : όψεις κατακερματισμού

Αποθηκεύτηκε σε:
Λεπτομέρειες βιβλιογραφικής εγγραφής
Κύριος συγγραφέας: Κουλαϊδής, Βασίλης
Άλλοι συγγραφείς: Δημόπουλος, Κώστας Γ., 1968-
Μορφή: Βιβλίο
Γλώσσα:Greek
Δημοσίευση: Αθήνα : Μεταίχμιο, [2006]
Σειρά:Επιστήμες (Μεταίχμιο)
Θέματα:
Ετικέτες: Προσθήκη ετικέτας
Δεν υπάρχουν, Καταχωρήστε ετικέτα πρώτοι!

MARC

LEADER 00000cam a2200000 i 4500
001 1/66875
008 071210s2006 gr | ||| |||| | gre||
020 |a 9603758663 
035 |l 10092958 
040 |a GR-MyUa  |b gre  |e AACR2 
041 0 |a gre 
082 7 |a 305.235   |2 (22) 
100 1 |a Κουλαϊδής, Βασίλης. 
245 1 0 |a Ελληνική νεολαία :   |b όψεις κατακερματισμού /   |c Βασίλης Κουλαϊδής, Κώστας Δημόπουλος. 
260 |a Αθήνα :   |b Μεταίχμιο,   |c [2006] 
300 |a 212 σ. ;   |c 28 εκ. 
490 1 |a (Επιστήμες / Μεταίχμιο) 
504 |a Περιλαμβάνει βιβλιογραφίες κια ευρετήριο. 
650 0 |a Youth  |z Greece. 
650 0 |a Youth  |z Greece  |x Social conditions. 
650 0 |a Youth  |x Social aspects. 
650 0 |a Youth  |x Employment  |z Greece. 
700 1 |a Δημόπουλος, Κώστας Γ.,   |d 1968- 
830 0 |a Επιστήμες (Μεταίχμιο) 
852 |a INST  |b RHODES  |e 20071210  |h 305.235 ΚΟΥ  |p 005400025050  |q 005400025050  |t BK  |y 0 
901 |a BIBL4-2007-3 
970 |a ΜΙΣΣΟΣ  |b ΣΤΑΥΡΟΣ  |z 2007/12/10